Finding Nemo Ψάχνοντας τον Νέμο
"Ο Μάρλιν και ο γιος του Νέμο, δύο τροπικά ψάρια, ζουν ήρεμα σε μια ασφαλή γωνιά του ωκεανού. Κάποια μέρα όμως, ο Νέμο θέλοντας να εξερευνήσει τον απέραντο ωκεανό, ξεφεύγει από τον υπερπροστατευτικό πατέρα του και καταλήγει στο ενυδρείο ενός οδοντιάτρου στη μακρινή Αυστραλία. Απελπισμένος ο πατ...
Αποθηκεύτηκε σε:
| Συγγραφή απο Οργανισμό/Αρχή: | |
|---|---|
| Άλλοι συγγραφείς: | |
| Μορφή: | |
| Γλώσσα: | English Multiple |
| Δημοσίευση: |
[Χ.τ.] :
Buena Vista Home Entertainment,
[2003].
|
| Έκδοση: | Συλλ. έκδ. |
| Θέματα: | |
| Ετικέτες: |
Προσθήκη ετικέτας
Δεν υπάρχουν, Καταχωρήστε ετικέτα πρώτοι!
|
MARC
| LEADER | 00000cgm a2200000 i 4500 | ||
|---|---|---|---|
| 001 | 1/34127 | ||
| 008 | 060906s2003####xx ||| | || ||eng|| | ||
| 035 | |l 10085136 | ||
| 040 | |a GR-MY-UA |b gre |e aacr | ||
| 041 | 0 | |a eng |j mul | |
| 082 | 0 | |a 791.4334 |2 (22) | |
| 245 | 1 | 0 | |a Finding Nemo |h [μαγνητοσκόπηση] = |b Ψάχνοντας τον Νέμο / |c σκηνοθεσία Andrew Stanton. |
| 246 | 1 | |i Παράλληλος τίτλος: |a Ψάχνοντας τον Νέμο |h [μαγνητοσκόπηση] | |
| 250 | |a Συλλ. έκδ. | ||
| 260 | |a [Χ.τ.] : |b Buena Vista Home Entertainment, |c [2003]. | ||
| 300 | |a 2 βιντεοδίσκοι (96 λεπτ.) : |b ομίλ., έγχρ. ; |c 4 3/4 ίν. | ||
| 500 | |a Μεταγλωττισμένο στα ελληνικά. Με ελληνικούς υπότιτλους. | ||
| 505 | 0 | |a Disc 1: Βυθιστείτε στον κόσμο των δημιουργών της ταινίαςDisc 2: Ένα ταξίδι για όλη την οικογένεια. | |
| 520 | |a "Ο Μάρλιν και ο γιος του Νέμο, δύο τροπικά ψάρια, ζουν ήρεμα σε μια ασφαλή γωνιά του ωκεανού. Κάποια μέρα όμως, ο Νέμο θέλοντας να εξερευνήσει τον απέραντο ωκεανό, ξεφεύγει από τον υπερπροστατευτικό πατέρα του και καταλήγει στο ενυδρείο ενός οδοντιάτρου στη μακρινή Αυστραλία. Απελπισμένος ο πατέρας του, ξεκινά μαζί με την Ντόρι, ένα καλόκαρδο αλλά αφηρημένο ψάρι, μια επική περιπέτεια για να τον βρει". - Περίληψη από το κιβώτιο. | ||
| 650 | 0 | 0 | |a Animated films. |
| 700 | 1 | |a Stanton, Andrew. |4 drt | |
| 710 | 2 | |a Walt Disney Pictures. | |
| 852 | |a INST |b SYROS |c AV |e 20060906 |h 791.4334 DIS |p 005500004684 |q 005500004684 |t DVD |y 23 |z Disc.2 | ||
| 852 | |a INST |b SYROS |c AV |e 20060906 |h 791.4334 DIS |p 005500004685 |q 005500004685 |t DVD |y 23 |z Disc.1 | ||
| 852 | |a INST |b SYROS |c AV |e 20060906 |h 791.4334 DIS |p 005500004684 |q 005500004684 |t DVD |v Disc.2: |y 23 |z Disc.2 | ||
| 852 | |a INST |b SYROS |c AV |e 20060906 |h 791.4334 DIS |p 005500004685 |q 005500004685 |t DVD |v Disc.1: |y 23 |z Disc.1 | ||
| 853 | |a INST |b SYROS |c AV |h 791.4334 DIS | ||
| 901 | |a BIBL5-2006-1 | ||
| 909 | |a Ε |b 129295 | ||
| 909 | |a Ε |b 129296 | ||
| 920 | |a Αναμόρφωση |b ΕΠΕΑΕΚ ΙΙ-ΤΜΣΠΣ |y Σύρος |z 2006-06 | ||
| 970 | |a ΚΟΝΤΟΥ |b ΠΑΡΑΣΚΕΥΗ |z 2007/09/18 | ||